000 00414nam a2200145Ia 4500
008 231129s2000||||xx |||||||||||||| ||spa||
020 _a958-9172-50-4
040 _bspa
082 _a709.04861 G643v
100 _aGonzalez Rodriguez Manuel Alberto
245 0 _aVer juzgar y estimar
260 _c2000
264 _aImprenta Departamental de Antioquia
942 _2ddc
_cBKS
999 _c26184
_d26184